Medzinárodný obchod obchodno-podnikateľských služieb bakalárska práca

Gespeichert in:
Bibliographische Detailangaben
1. Verfasser: Klobušická, Petra
Körperschaft: Obchodná fakulta EU. Katedra služieb a cestovného ruchu - zrušené
Weitere Verfasser: Krošláková, Monika, 1975-
Format: Buch
Sprache:Slowakisch
Veröffentlicht: Bratislava 2018
Tags: Tag hinzufügen
Keine Tags, Fügen Sie das erste Tag hinzu!

MARC

LEADER 00000nbm a2200000 4500
001 0245054
005 20180906133532.2
041 0 |a slo 
044 |a SK 
245 1 0 |a Medzinárodný obchod obchodno-podnikateľských služieb  |b bakalárska práca  |c Petra Klobušická ; školiteľ: Monika Krošláková 
264 1 |a Bratislava  |c 2018 
300 |a 46 s. 
100 1 |a Klobušická, Petra 
700 1 |a Krošláková, Monika, 1975- 
710 2 |a Obchodná fakulta EU. Katedra služieb a cestovného ruchu - zrušené